جاں نثار اختر: (Record no. 172763)
[ view plain ]
| 000 -LEADER | |
|---|---|
| fixed length control field | 00576nam a22001817a 4500 |
| 005 - DATE AND TIME OF LATEST TRANSACTION | |
| control field | 20200212151501.0 |
| 010 ## - LCCN (DPL NO) | |
| LC control number | A-372933 |
| 020 ## - INTERNATIONAL STANDARD BOOK NUMBER | |
| Terms of availability | 30.00 |
| 035 ## - SYSTEM CONTROL NUMBER | |
| System control number | A-372933 |
| 037 ## - SOURCE OF ACQUISITION | |
| Source of stock number/acquisition | BPPD/Pub. |
| 082 ## - DEWEY DECIMAL CLASSIFICATION NUMBER | |
| Classification number | 921 |
| 100 ## - MAIN ENTRY--PERSONAL NAME | |
| Personal name | آفاق حسین صیدیقی |
| 245 ## - TITLE STATEMENT | |
| Title | جاں نثار اختر: |
| Remainder of title | شخص اور شاعر / |
| Statement of responsibility, etc | آفاق حسین صیدیقی |
| 246 ## - VARYING FORM OF TITLE | |
| Title proper/short title | Jaan Nisar Akhtar: Shakhs Aur Shayar / |
| Remainder of title | by Afaaq Hussain Siddiqui |
| 260 ## - PUBLICATION, DISTRIBUTION, ETC. (IMPRINT) | |
| Place of publication, distribution, etc | - |
| Name of publisher, distributor, etc | Afaaq Hussain Siddiqui |
| Date of publication, distribution, etc | 1987 ء |
| 300 ## - PHYSICAL DESCRIPTION | |
| Extent | 144p. |
| Dimensions | 22cm(Hb) |
| 942 ## - ADDED ENTRY ELEMENTS (KOHA) | |
| Source of classification or shelving scheme | Dewey Decimal Classification |
| Item type | Urdu Bks |
| Classification part | 921 |
| Call number suffix | ج ا ں |
| Withdrawn status | Lost status | Not for loan | Collection code | Home library | Current library | Date acquired | Source of acquisition | Cost, normal purchase price | Full call number | Barcode | Copy number | Cost, replacement price | Koha item type |
|---|---|---|---|---|---|---|---|---|---|---|---|---|---|
| Non-fiction | Central Library | Central Library | 12/02/2020 | BPPD/Ven. | 30.00 | 921 ج ا ں | A-372933 | 1 | 30.00 | Urdu Bks |
